|
|
|
|
| LEADER |
01274nam a22003374a 4500 |
| 001 |
42131 |
| 003 |
BD-DhAAL |
| 005 |
20240125152352.0 |
| 008 |
240125t2002 bg a 000 0 eng |
| 010 |
|
|
|a 2006561393
|
| 020 |
|
|
|a 9846250002
|
| 025 |
|
|
|a B-E-2006-561393; 06
|
| 037 |
|
|
|b Library of Congress -- New Delhi Overseas Office
|c Tk250.00
|
| 040 |
|
|
|a DLC
|c DLC
|d DLC
|
| 041 |
1 |
|
|a eng
|h ben
|
| 042 |
|
|
|a lcode
|
| 050 |
0 |
0 |
|a N7485.B3
|b A65 2002
|
| 082 |
|
|
|a 720.92
|2 20
|
| 100 |
0 |
|
|a Aminul Islam,
|d 1931-2011.
|9 55984
|
| 245 |
1 |
0 |
|a Drawing and art writing, 1950-2000 /
|c Aminul Islam ; edited by Osman Jamal.
|
| 260 |
|
|
|a Dhaka :
|b Bengal Foundation,
|c 2002.
|
| 300 |
|
|
|a 128 pages :
|b illustrations ;
|c 24 cm.
|
| 541 |
|
|
|a Donated by Rebecca Dipa Khan
|e 42131
|
| 546 |
|
|
|a Includes translations from Bengali.
|
| 600 |
0 |
0 |
|a Aminul Islam,
|d 1931-
|x Criticism and interpretation.
|9 55985
|
| 650 |
|
0 |
|a Art criticism
|z Bangladesh.
|9 55986
|
| 700 |
1 |
|
|a Jamal, Osman.
|9 19623
|
| 710 |
2 |
|
|a Beṅgala Phāuṇḍeśana (Bangladesh)
|9 55987
|
| 942 |
|
|
|2 ddc
|c BK
|
| 999 |
|
|
|c 46331
|d 46331
|
| 952 |
|
|
|0 0
|1 0
|2 ddc
|4 0
|6 720_920000000000000_AMI
|7 0
|9 74991
|a BRACUL
|b BRACUL
|c GEN
|d 2024-01-25
|e Donated By Rebecca Dipa Khan
|g 250.00
|l 0
|o 720.92 AMI
|p 3010042131
|r 2024-01-25
|t 1
|w 2024-01-25
|y BK
|